000 00970cab a2200205 4500
001 L136267
008 070122n2007 000 0 eng u
035 _a(Sirsi) u136267
041 0 _aeng
050 0 4 _a333.72 $2 18
110 1 _aUnited Kingdom
_bDepartment for Environment, Food and Rural Affairs
245 0 _aEstablishing a voluntary Code of Best Practice for the provision of carbon offsetting to UK customers
_h[electronic resource]
260 _aLondon
_bDEFRA
_c2007
520 _aInformation about the consultation process including the consultation letter, list of consultees, consultation document and further information about carbon offsetting.
590 _aKA
651 4 _aEngland and Wales
_y1543-
690 _aENVIRONMENTAL AND LAND CONSULTANCY-ENERGY-RENEWABLE ENERGY
856 _uhttps://www.defra.gov.uk/corporate/consult/carbonoffsetting-cop/index.htm
_zView the consultation documents free of charge at www.defra.gov.uk...
942 _n0
999 _c106351
_d106351